<?xml version="1.0" encoding="UTF-8"?>
<marc:record xmlns:marc="http://www.loc.gov/MARC21/slim">
   <marc:leader>00000nam a2200000 a 4500</marc:leader>
   <marc:datafield ind1="1" ind2=" " tag="100">
      <marc:subfield code="a">Langen, Annette</marc:subfield>
      <marc:subfield code="4">aut</marc:subfield>
      <marc:subfield code="e">Verfasser/-in</marc:subfield>
   </marc:datafield>
   <marc:datafield ind1=" " ind2=" " tag="653">
      <marc:subfield code="a">Freundschaft</marc:subfield>
   </marc:datafield>
   <marc:datafield ind1=" " ind2=" " tag="653">
      <marc:subfield code="a">Gespenst</marc:subfield>
   </marc:datafield>
   <marc:datafield ind1=" " ind2=" " tag="653">
      <marc:subfield code="a">Kinderbuch</marc:subfield>
   </marc:datafield>
   <marc:datafield ind1=" " ind2=" " tag="653">
      <marc:subfield code="a">Kinderbücher bis 11 Jahre</marc:subfield>
   </marc:datafield>
   <marc:datafield ind1=" " ind2=" " tag="653">
      <marc:subfield code="a">Vorlesebuch</marc:subfield>
   </marc:datafield>
   <marc:datafield ind1=" " ind2=" " tag="653">
      <marc:subfield code="a">Vorlesegeschichte</marc:subfield>
   </marc:datafield>
   <marc:datafield ind1=" " ind2=" " tag="653">
      <marc:subfield code="a">ab 5 Jahren</marc:subfield>
   </marc:datafield>
   <marc:datafield ind1=" " ind2=" " tag="653">
      <marc:subfield code="a">Annette Langen</marc:subfield>
   </marc:datafield>
   <marc:datafield ind1=" " ind2=" " tag="653">
      <marc:subfield code="a">Briefe von Felix</marc:subfield>
   </marc:datafield>
   <marc:datafield ind1=" " ind2=" " tag="653">
      <marc:subfield code="a">Gespenstergechichte</marc:subfield>
   </marc:datafield>
   <marc:datafield ind1=" " ind2=" " tag="653">
      <marc:subfield code="a">Gespenst zum Liebhaben</marc:subfield>
   </marc:datafield>
   <marc:datafield ind1=" " ind2=" " tag="653">
      <marc:subfield code="a">Fledermaus</marc:subfield>
   </marc:datafield>
   <marc:datafield ind1=" " ind2=" " tag="653">
      <marc:subfield code="a">Ben</marc:subfield>
   </marc:datafield>
   <marc:datafield ind1=" " ind2=" " tag="653">
      <marc:subfield code="a">Hochhaus</marc:subfield>
   </marc:datafield>
   <marc:datafield ind1=" " ind2=" " tag="653">
      <marc:subfield code="a">Mut</marc:subfield>
   </marc:datafield>
   <marc:datafield ind1=" " ind2=" " tag="653">
      <marc:subfield code="a">Selbstvertrauen</marc:subfield>
   </marc:datafield>
   <marc:datafield ind1=" " ind2=" " tag="653">
      <marc:subfield code="a">illustriert</marc:subfield>
   </marc:datafield>
   <marc:datafield ind1=" " ind2=" " tag="653">
      <marc:subfield code="a">viele bunte Bilder</marc:subfield>
   </marc:datafield>
   <marc:datafield ind1=" " ind2=" " tag="653">
      <marc:subfield code="a">Sabine Sauter</marc:subfield>
   </marc:datafield>
   <marc:datafield ind1=" " ind2=" " tag="653">
      <marc:subfield code="a">keine Angst im Dunkeln</marc:subfield>
   </marc:datafield>
   <marc:datafield ind1=" " ind2=" " tag="653">
      <marc:subfield code="a">füreinander einstehen</marc:subfield>
   </marc:datafield>
   <marc:datafield ind1=" " ind2=" " tag="653">
      <marc:subfield code="a">helfen</marc:subfield>
   </marc:datafield>
   <marc:datafield ind1=" " ind2=" " tag="653">
      <marc:subfield code="a">Vorlesebücher</marc:subfield>
   </marc:datafield>
   <marc:datafield ind1="0" ind2="0" tag="245">
      <marc:subfield code="a">Huuu-Berta - Das kleinste Gespenst von allen</marc:subfield>
   </marc:datafield>
   <marc:datafield ind1="0" ind2="0" tag="245">
      <marc:subfield code="b">Eine Geschichte ab 5 Jahren über ein liebevolles Gespenst, das Kindern Mut macht</marc:subfield>
   </marc:datafield>
   <marc:datafield ind1="0" ind2="0" tag="245">
      <marc:subfield code="c">Langen, Annette</marc:subfield>
   </marc:datafield>
   <marc:datafield ind1=" " ind2="1" tag="264">
      <marc:subfield code="a">Köln</marc:subfield>
      <marc:subfield code="b">Boje</marc:subfield>
      <marc:subfield code="c">2023</marc:subfield>
   </marc:datafield>
   <marc:datafield ind1="1" ind2=" " tag="490">
      <marc:subfield code="a">Vorlesen!</marc:subfield>
   </marc:datafield>
   <marc:datafield ind1="1" ind2=" " tag="520">
      <marc:subfield code="a">Das klein(st)e Gespenst Huuu-Berta erobert die Herzen im Sturm!&#xD;
 &#xD;
&#xD;
 &#xD;
Denkst du auch, dass Gespenster in Burgruinen wohnen und unter weißen Bettlaken umherfliegen? Ich sage es dir gleich: Damit liegst du völlig falsch. Ein Gespenst zieht an, was es schick findet, und wohnt am liebsten dort, wo es schön staubig ist. So auch Huuu-Berta. Sie ist die Allerkleinste in ihrer Familie. Das hat einen Grund: Denn Gespenster wachsen, wenn sie Menschen vergruseln, und das ist so gar nichts für Huuu-Berta. Aber nun fehlt in ihrem Gespenster-Ausweis genau dieser Punkt. Am besten lest ihr selbst, wie sie es schafft, im wahrsten Sinne, über sich hinauszuwachsen. &#xD;
&#xD;
 &#xD;
Ein neues Vorlesebuch von "Dein SPIEGEL-Bestseller-Autorin" Annette Langen (BRIEFE VON FELIX) &#xD;
&#xD;
 &#xD;
Wunderschöne Bilder: Jede Seite ist liebevoll gestaltet und lädt zum Staunen und Entdecken ein. &#xD;
&#xD;
 &#xD;
Liebevolle Extras: ein Lesebändchen und lustiger Anhang "Bist du bereit für dein Gruselchen?" und leckere Gespenster-Rezepte. &#xD;
&#xD;
 &#xD;
Pädagogisch wertvoll: vermittelt wichtige Werte, stärkt das Selbstvertrauen der Kinder, tritt gegen Mobbing ein, ermutigt sie und nimmt Kindern die Angst vor Gespenstern und der Dunkelheit &#xD;
&#xD;
 &#xD;
Perfekte Vorlesegeschichte: ideal als Gute-Nacht-Geschichte mit einer Lesedauer von ca. 6-8 Minuten pro Kapitel &#xD;
&#xD;
 &#xD;
Erste Leseförderung: mit süßen Bildchen zum Einkleben für jedes gelesene Kapitel und einem Antolin-Quiz zur Motivation von Selbstleser:innen &#xD;
&#xD;
 &#xD;
Das perfekte Geschenk: ein wunderbares Geschenk für Kinder ab 5 Jahren&#xD;
&#xD;
Pressestimmen&#xD;
"Die Geschichte ist lustig, spannend, hat eine Message. Besonders hat mir der Sprachwitz gefallen."&#xD;
Literaturblog Sabine Ibing, 10.2023&#xD;
&#xD;
"Eine lustige Geschichte rund um ein liebevolles, nicht angepasstes Gespenstermädchen namens Huuu-Berta, die durch ihre forsche, neugierige und eigenwillige Art die Herzen der Lesenden erobert. Die Handlung [...] zeigt Kindern, ohne sie zu maßregeln oder zu bevormunden, einen Weg auf, der einfach klingt, es aber nicht ist: Vertraue dich mit deinen Sorgen und Problemen einem Erwachsenen an, dir kann immer geholfen werden! Damit ist ein wirklich wichtiger Leitspruch benannt."&#xD;
Kinderbuch-Couch, 01.2024&#xD;
&#xD;
"Eine unterhaltsame Freundschaftsgeschichte, ungewöhnlich, lustig und mutmachend."&#xD;
Veronika Remmele, Medienprofile, 07.02.2024</marc:subfield>
   </marc:datafield>
   <marc:datafield ind1=" " ind2=" " tag="020">
      <marc:subfield code="a">9783414826855</marc:subfield>
      <marc:subfield code="9">9783414826855</marc:subfield>
   </marc:datafield>
   <marc:datafield ind1=" " ind2=" " tag="020">
      <marc:subfield code="a">3414826852</marc:subfield>
      <marc:subfield code="9">3414826852</marc:subfield>
   </marc:datafield>
   <marc:datafield ind1=" " ind2=" " tag="041">
      <marc:subfield code="a">ger</marc:subfield>
   </marc:datafield>
   <marc:datafield ind1=" " ind2=" " tag="300">
      <marc:subfield code="b">Illustrationen</marc:subfield>
   </marc:datafield>
   <marc:datafield ind1=" " ind2=" " tag="338">
      <marc:subfield code="a">Band</marc:subfield>
   </marc:datafield>
   <marc:datafield ind1=" " ind2=" " tag="300">
      <marc:subfield code="a">124 Seiten</marc:subfield>
   </marc:datafield>
</marc:record>
